| 000 | 00830nam a2200193Ii 4500 | ||
|---|---|---|---|
| 003 | JO-AjNU | ||
| 008 | 230605s9999||||xx |||||||||||||| ||und|| | ||
| 040 |
_aJO-AjNU _bara _erda _cJO-AjNU |
||
| 041 | _aara | ||
| 050 | 1 | 4 | _aBL241.M65 |
| 100 | 3 |
_aنخبة من العلماء الامريكين ، كلوفرمونسيما، جون تحرير؛ سرحان، الدمرداش عبد المجيد ترجمة ؛ الفندي، محمد جمال الدين مراجعة وتعليق, _eauthor _937622 |
|
| 245 | 0 | 0 | _aالله يتجلى في عصر العلم |
| 264 | 3 | 1 | _aبيروت:دار القلم ،د.ت |
| 300 | _a176ص | ||
| 336 |
_atext _btxt _2rdacontent |
||
| 337 |
_aunmediated _bn _2rdamedia |
||
| 338 |
_avolume _bnc _2rdacarrier |
||
| 650 | 4 |
_aالوجودية-الوجود-فلسفة-الله جل جلاله _937623 |
|
| 999 |
_aA15736 _c19304 _d19304 |
||